00974nam a2200217 a 450000100100000000500170001000800410002702000180006804000250008610000240011124500910013526000700022630000350029659000370033170000260036804900090039495201200040395201110052395201050063499900170073900003575620200930074603.0111110s2011 dr ac 000 0 spa d a9789945871821 aDO-SdBNPbspacBNPHU1 aFebles, Juan92208210aA & B up selling, técnicas de ventas en el restaurante /cJuan Febles, Juan Santana. aSanto Domingo :bEsuela Dominicana de Alimentos y Bebidas,c2011. a98 p. :bil., retrs. ;c23 cm. aTres ejemplares auto biografiado12aSantana, Juana961704 aBNPD 001054708DSaPDbPDcCTd2011-11-10iLF1l0o p35756-10r2020-06-25te. 3w2020-06-25yLFDSZPréstamo en sala 0010718PDaPDbPDcCTd2011-11-10iLF1l0o p35756-20r2020-06-25te. 2w2020-06-25yLFPDZNo se presta 0010718PDaPDbPDcCTd2011-11-10iLF1l0o p35756-30r2020-06-25w2020-06-25yLFPDZNo se presta c35247d35247